[Event "Campionatele Nationale pe echipe de jun"]
[Site "Iasi"]
[Date "2019.07.17"]
[Round "5.1"]
[White "Olariu, Luca-Stefan"]
[Black "Ghimpu, Samuel-Timotei"]
[Result "0-1"]
[WhiteElo "2017"]
[BlackElo "2193"]
[PlyCount "108"]
[EventDate "2019.07.13"]
[EventType "team"]
[EventRounds "5"]
[WhiteTeam "Csu Bucuresti"]
[BlackTeam "Acs Smart Galati A"]

1. d4 Nf6 2. c4 g6 3. Nc3 d5 4. Nf3 Bg7 5. g3 O-O 6. Bg2 c6 7. cxd5 cxd5 8. O-O
Nc6 9. Ne5 Be6 10. Bf4 Rc8 11. Rc1 Qa5 12. Qd2 Rfd8 13. Rfd1 Ne8 14. Nxc6 bxc6
15. Bh6 Bxh6 16. Qxh6 c5 17. dxc5 Rxc5 18. Qh4 Qc7 19. Qd4 Rc4 20. Qd2 Nf6 21.
b3 Rc5 22. Nb5 Qb6 23. Rxc5 Qxc5 24. Nd4 Bd7 25. Rc1 Qb6 26. Qe3 Qd6 27. Nf3
Qa3 28. Nd4 Qd6 29. Nf3 Qa3 30. h3 Rc8 31. Rxc8+ Bxc8 32. Ne5 Qd6 33. Nd3 d4
34. Qe5 Qxe5 35. Nxe5 Ba6 36. Nc6 Bxe2 37. Nxd4 Bd3 38. Nc6 a6 39. Nxe7+ Kf8
40. Nd5 Nd7 41. f4 Nc5 42. Kf2 Ne6 43. Ke3 Bb5 44. Nc7 Nxc7 45. a4 Bd7 46. Kd4
Ne6+ 47. Kd5 Ke7 48. Bf1 a5 49. Bb5 Bxb5 50. axb5 Kd7 51. b6 Kc8 52. Kc4 Kb7
53. Kb5 Nd4+ 54. Kxa5 Ne2 0-1

[Event "Campionatele Nationale pe echipe de jun"]
[Site "Iasi"]
[Date "2019.07.15"]
[Round "3.1"]
[White "Olariu, Luca-Stefan"]
[Black "Dobrin, Ionut-Alexandru"]
[Result "1-0"]
[WhiteElo "2017"]
[BlackElo "2142"]
[PlyCount "79"]
[EventDate "2019.07.13"]
[EventType "team"]
[EventRounds "5"]
[WhiteTeam "Csu Bucuresti"]
[BlackTeam "Acs Smart Galati B"]

1. e4 c5 2. Nf3 Nc6 3. d4 cxd4 4. Nxd4 g6 5. Nc3 Bg7 6. Be3 d6 7. Bc4 Nf6 8. f3
Qb6 9. Bb5 Nd7 10. Nd5 Qa5+ 11. Bd2 Qd8 12. Bc3 Nxd4 13. Bxd4 e5 14. Be3 O-O
15. O-O Nc5 16. Qd2 Ne6 17. Rad1 Nd4 18. Bc4 b5 19. Bb3 Bb7 20. c3 Nxb3 21.
axb3 Qd7 22. c4 f5 23. cxb5 Qxb5 24. Nc7 Qxb3 25. Nxa8 Bxa8 26. Qc3 Qb7 27.
Rxd6 Qb5 28. exf5 gxf5 29. Rfd1 e4 30. Bd4 exf3 31. Bxg7 Qe2 32. gxf3 Bxf3 33.
R6d2 Qe4 34. Bxf8 Qg4+ 35. Kf2 Qh4+ 36. Kxf3 Qh3+ 37. Ke2 Qg2+ 38. Ke3 Qe4+ 39.
Kf2 Kxf8 40. Qf6+ 1-0

[Event "Campionatele Nationale pe echipe de jun"]
[Site "Iasi"]
[Date "2019.07.14"]
[Round "2.1"]
[White "Padurariu, Mihai-Edward"]
[Black "Olariu, Luca-Stefan"]
[Result "1/2-1/2"]
[WhiteElo "2055"]
[BlackElo "2017"]
[PlyCount "77"]
[EventDate "2019.07.13"]
[EventType "team"]
[EventRounds "5"]
[WhiteTeam "Sah Club Galati"]
[BlackTeam "Csu Bucuresti"]

1. e4 c5 2. Nf3 Nc6 3. Bb5 g6 4. Bxc6 dxc6 5. d3 Bg7 6. h3 Nf6 7. Nc3 O-O 8.
Bf4 a5 9. a4 b6 10. Qd2 Ba6 11. O-O b5 12. Rfe1 b4 13. Nd1 Qc8 14. Bh6 c4 15.
Bxg7 Kxg7 16. dxc4 Bxc4 17. Qd4 Be6 18. Qc5 Qc7 19. Nd4 Qd6 20. Qxd6 exd6 21.
Nxc6 Rac8 22. Nd4 Rc4 23. c3 bxc3 24. Nxe6+ fxe6 25. Nxc3 Rb8 26. Re2 Rbb4 27.
f3 Nd7 28. Rd1 Rd4 29. Red2 e5 30. Nb5 Rxd2 31. Rxd2 Nc5 32. Nxd6 Nxa4 33. Rd5
Nxb2 34. Rxa5 Nd3 35. Ra7+ Kh6 36. Nf7+ Kh5 37. Ra5 Kh4 38. Kh2 Rb2 39. Ra1
1/2-1/2

[Event "Campionatele Nationale pe echipe de jun"]
[Site "Iasi"]
[Date "2019.07.13"]
[Round "1.1"]
[White "Olariu, Luca-Stefan"]
[Black "Plugaru, Rares"]
[Result "1-0"]
[WhiteElo "2017"]
[BlackElo "2037"]
[PlyCount "111"]
[EventDate "2019.07.13"]
[EventType "team"]
[EventRounds "5"]
[WhiteTeam "Csu Bucuresti"]
[BlackTeam "Cs Capablanca Iasi"]

1. d4 Nf6 2. c4 e6 3. Nc3 Bb4 4. e3 b6 5. Bd3 Bb7 6. Nf3 O-O 7. O-O Bxc3 8.
bxc3 d6 9. Nd2 e5 10. e4 Re8 11. Re1 Nbd7 12. Qc2 Qe7 13. f3 Nf8 14. Nf1 Ne6
15. Ne3 g6 16. Nd5 Qd8 17. Be3 c6 18. Nxf6+ Qxf6 19. Qf2 Ba6 20. Rad1 c5 21. d5
Nf4 22. Bf1 g5 23. g3 Ng6 24. Qe2 h6 25. Bh3 Bc8 26. Bxc8 Raxc8 27. Rf1 Kg7 28.
Qd2 Qe7 29. a4 Qd7 30. Qc2 Rf8 31. g4 h5 32. gxh5 Nf4 33. Bxf4 exf4 34. Rf2 Qh3
35. Rg2 Qxf3 36. Rxg5+ Kh6 37. h4 f6 38. e5 Rg8 39. Rg6+ Kh7 40. Rxg8+ Kxg8 41.
Qg6+ Kh8 42. Qxf6+ Kh7 43. Qg6+ Kh8 44. Qh6+ Kg8 45. Qe6+ Kh7 46. Qg6+ Kh8 47.
Rd3 Qe2 48. Qh6+ Kg8 49. Qe6+ Kh7 50. Qf5+ Kg7 51. h6+ Kxh6 52. Qxf4+ Kh7 53.
Qf7+ Kh8 54. Qf6+ Kh7 55. Rg3 Rc7 56. Qg6+ 1-0

[Event "11th Arad Open 2018"]
[Site "Arad ROU"]
[Date "2018.08.06"]
[Round "2.36"]
[White "Balla, Tamas Kristof"]
[Black "Olariu, Luca-Stefan"]
[Result "0-1"]
[WhiteElo "2352"]
[BlackElo "2019"]
[PlyCount "84"]
[EventDate "2018.08.05"]

1. e4 c5 2. Nf3 Nc6 3. d3 g6 4. g3 Bg7 5. Bg2 d6 6. O-O e5 7. c3 Nge7 8. a3 a5
9. a4 d5 10. Qe2 O-O 11. Na3 h6 12. Nd2 Be6 13. f4 Qd7 14. Nf3 Rfe8 15. exd5
Nxd5 16. fxe5 Bg4 17. Nc4 Rad8 18. Qf2 Bxf3 19. Bxf3 Nxe5 20. Nxe5 Rxe5 21. Bd2
b6 22. Kh1 Rde8 23. d4 cxd4 24. Qxd4 Qe6 25. Qf2 Ne3 26. Rfe1 Ng4 27. Qf1 Qf5
28. Rxe5 Nxe5 29. Bg2 Qc2 30. Qb5 Re6 31. Bf4 Ng4 32. Rc1 Qf2 33. Rf1 Re1 34.
Rxe1 Qxe1+ 35. Qf1 Qe6 36. Bf3 Ne5 37. Bxe5 Qxe5 38. Qd3 Bf8 39. Bd5 Kg7 40.
Kg2 Bc5 41. Qc4 Qe1 42. Qf4 Qe2+ 0-1

[Event "3rd Ceramica Corund Open"]
[Site "Corund ROU"]
[Date "2017.09.30"]
[Round "7.22"]
[White "Olariu, Luca-Stefan"]
[Black "Secrieru, Andrei-Cristian"]
[Result "1/2-1/2"]
[WhiteElo "1993"]
[BlackElo "1853"]
[PlyCount "63"]
[EventDate "2017.09.26"]

1. d4 Nf6 2. c4 e6 3. Nc3 Bb4 4. e3 O-O 5. Bd3 d5 6. Nf3 c5 7. O-O cxd4 8. exd4
dxc4 9. Bxc4 b6 10. Bg5 Bb7 11. Re1 Nbd7 12. Rc1 Rc8 13. Qb3 Bxc3 14. Rxc3 Qe8
15. Bb5 Rxc3 16. Qxc3 a6 17. Bc4 Qa8 18. Qb3 Bd5 19. Bxf6 Nxf6 20. Bxd5 Qxd5
21. Qa3 Qb7 22. Ne5 Rd8 23. Qb4 Nd5 24. Qd2 Ne7 25. Qf4 Ng6 26. Nxg6 hxg6 27.
Re5 Qd7 28. Re4 Qd5 29. b3 Qa5 30. Re2 Qc3 31. h3 Qxd4 32. Qxd4 1/2-1/2

[Event "3rd Ceramica Corund Open"]
[Site "Corund ROU"]
[Date "2017.09.30"]
[Round "8.22"]
[White "Vilcu, Matei-Stefan"]
[Black "Olariu, Luca-Stefan"]
[Result "1-0"]
[WhiteElo "1977"]
[BlackElo "1993"]
[PlyCount "53"]
[EventDate "2017.09.26"]

1. e4 c5 2. Nf3 Nc6 3. d4 cxd4 4. Nxd4 g6 5. c4 Nf6 6. Nc3 Nxd4 7. Qxd4 d6 8.
Be2 Bg7 9. Be3 O-O 10. Qd2 a5 11. O-O a4 12. Rac1 Qa5 13. f3 Be6 14. Nd5 Qxd2
15. Nxe7+ Kh8 16. Bxd2 Rfe8 17. Nd5 Bxd5 18. cxd5 Nxd5 19. Bb5 Re5 20. Bxa4 Nb6
21. Bb3 Re7 22. Be3 Nd7 23. Rc7 b5 24. Rd1 Be5 25. f4 Bxb2 26. Rxd6 Rd8 27. Bc5
1-0

[Event "3rd Ceramica Corund Open"]
[Site "?"]
[Date "2017.09.29"]
[Round "?"]
[White "Chircu, Vadim"]
[Black "Olariu, Luca-Stefan"]
[Result "1-0"]
[WhiteElo "2230"]
[BlackElo "1993"]
[PlyCount "131"]
[EventDate "2017.??.??"]

1. Nf3 c5 2. g3 g6 3. c4 Bg7 4. Bg2 Nc6 5. Nc3 e5 6. a3 a5 7. O-O Nge7 8. Ne1
d6 9. Nc2 Be6 10. Ne3 O-O 11. Ned5 Rb8 12. d3 h6 13. Bd2 f5 14. f4 Bf7 15. Rb1
Nxd5 16. Nxd5 Ne7 17. Bxa5 Qxa5 18. Nxe7+ Kh7 19. e4 Rbe8 20. Nd5 Bxd5 21. cxd5
exf4 22. gxf4 c4 23. exf5 Qc5+ 24. Kh1 gxf5 25. dxc4 Qxc4 26. Qh5 Qe2 27. Bf3
Qd2 28. Rg1 Qd4 29. Qg6+ Kh8 30. Qxd6 Re3 31. Bg2 Re2 32. Qg6 Qxf4 33. Rbf1 Qe5
34. b4 Re3 35. Rf3 Re1 36. Rff1 Re3 37. Rf3 Re1 38. Rxe1 Qxe1+ 39. Rf1 Qh4 40.
Qe6 Qf6 41. Re1 Qh4 42. d6 f4 43. Bf3 Qf2 44. Qe2 Qd4 45. Rd1 Qf6 46. d7 Qd8
47. Bxb7 Bf6 48. Qh5 Bg5 49. h4 Qb6 50. Bf3 Bd8 51. Qe5+ Qf6 52. Qxf6+ Rxf6 53.
Re1 Kg7 54. h5 Rd6 55. Bg4 Bh4 56. Rd1 Rxd1+ 57. Bxd1 Kf7 58. Kg2 Ke6 59. Bg4+
Kd5 60. a4 Kc4 61. a5 Kb5 62. Be2+ Kc6 63. b5+ Kxd7 64. a6 Kc7 65. a7 Kb7 66.
b6 1-0

[Event "It \"]
[Site "Corund (Romania)"]
[Date "2017.09.29"]
[Round "6"]
[White "Olariu, Luca-Stefan"]
[Black "Cimpean, Andra"]
[Result "1/2-1/2"]
[WhiteElo "2063"]
[BlackElo "1899"]
[PlyCount "97"]
[EventDate "2017.??.??"]

1. d4 d5 2. c4 e6 3. Nc3 c6 4. Nf3 dxc4 5. a4 Bb4 6. e3 b5 7. Bd2 a5 8. axb5
Bxc3 9. Bxc3 cxb5 10. b3 Bb7 11. bxc4 b4 12. Bb2 Nf6 13. c5 O-O 14. Bb5 Bc6 15.
Ba4 Qc7 16. O-O Nbd7 17. Nd2 Ne4 18. Nc4 Bd5 19. Nd2 Nxd2 20. Qxd2 Rfd8 21. Qc2
Bc6 22. Rfc1 Rdc8 23. Bxc6 Qxc6 24. Qa4 Nb8 25. f3 Qxa4 26. Rxa4 Nc6 27. Kf2
Rd8 28. Ke2 Ra7 29. f4 Rad7 30. g4 h6 31. Kf3 f6 32. h4 Kf7 33. Rd1 e5 34. Raa1
exd4 35. exd4 Nxd4+ 36. Bxd4 Rxd4 37. Rxd4 Rxd4 38. Rxa5 Rc4 39. Ra7+ Kg8 40.
Rb7 Rxc5 41. Rxb4 Rc3+ 42. Ke4 Rc5 43. Rd4 Rc7 44. Kf5 Kf7 45. Rd5 Re7 46. h5
Rb7 47. g5 fxg5 48. fxg5 hxg5 49. Kxg5 1/2-1/2

[Event "3rd Ceramica Corund Open"]
[Site "Corund ROU"]
[Date "2017.09.28"]
[Round "4.21"]
[White "Ognean, Mihnea Ionut"]
[Black "Olariu, Luca-Stefan"]
[Result "1-0"]
[WhiteElo "2166"]
[BlackElo "1993"]
[PlyCount "111"]
[EventDate "2017.09.26"]

1. e4 c5 2. Nf3 Nc6 3. d4 cxd4 4. Nxd4 g6 5. Nc3 Bg7 6. Be3 Nf6 7. Bc4 O-O 8.
Bb3 d6 9. f3 Bd7 10. Qd2 Nxd4 11. Bxd4 b5 12. a4 b4 13. Nd5 Nxd5 14. exd5 Bxd4
15. Qxd4 Qb6 16. Qxb6 axb6 17. Kd2 Ra5 18. Rhe1 Re8 19. Re4 b5 20. Rxb4 Rea8
21. c4 bxa4 22. Bc2 R5a7 23. h4 h6 24. Ra3 Kg7 25. Rb6 Rc8 26. Kc3 Rac7 27. Rb4
Rc5 28. Kd4 e5+ 29. dxe6 Bxe6 30. Raxa4 Re5 31. Be4 Bf5 32. Rb6 Bxe4 33. fxe4
Rce8 34. Rxd6 Rxe4+ 35. Kc3 Rxh4 36. b4 Re1 37. Rc6 Re3+ 38. Kd2 Rg3 39. b5 Rf4
40. Rd6 Rf2+ 41. Kc1 Rgxg2 42. Rb4 Ra2 43. Kb1 Rae2 44. Rd1 Re3 45. b6 Rgg3 46.
Rd2 Re1+ 47. Kc2 Re8 48. b7 Rb8 49. Rd7 Re3 50. c5 Re5 51. Rc7 Ree8 52. c6 Red8
53. Re7 Kf6 54. Re3 Rd6 55. c7 Rc6+ 56. Rc3 1-0

[Event "It \"]
[Site "Corund (Romania)"]
[Date "2017.09.27"]
[Round "2"]
[White "Ionescu Brandis, Irina"]
[Black "Olariu, Luca-Stefan"]
[Result "1-0"]
[WhiteElo "2227"]
[BlackElo "2063"]
[PlyCount "71"]
[EventDate "2017.??.??"]

1. e4 c5 2. Nf3 Nc6 3. Bb5 Nf6 4. Nc3 g6 5. e5 Ng4 6. Bxc6 dxc6 7. d3 Bg7 8.
Bf4 Nh6 9. Qd2 Nf5 10. O-O-O O-O 11. h4 h5 12. Rdg1 Nd4 13. Ng5 Ne6 14. Nxe6
Bxe6 15. f3 Qa5 16. g4 hxg4 17. h5 Bxa2 18. h6 Bxe5 19. Bxe5 f6 20. Rxg4 Bf7
21. h7+ Kh8 22. Ra4 Qd8 23. Bg3 b5 24. Ra1 Qd7 25. Ne4 Qf5 26. Qf4 Qxf4+ 27.
Bxf4 Bd5 28. Be3 c4 29. Bc5 Rfe8 30. Ra6 Kg7 31. Kd2 cxd3 32. cxd3 e5 33. Rxa7+
Rxa7 34. Bxa7 Rh8 35. Bc5 Kf7 36. Ra1 1-0

[Event "3rd Ceramica Corund Open"]
[Site "Corund ROU"]
[Date "2017.09.27"]
[Round "3.23"]
[White "Olariu, Luca-Stefan"]
[Black "Panainte, Daniel-Iulian"]
[Result "1-0"]
[WhiteElo "1993"]
[BlackElo "2028"]
[PlyCount "101"]
[EventDate "2017.09.26"]

1. d4 Nf6 2. c4 e6 3. Nc3 d5 4. cxd5 exd5 5. Bg5 Be7 6. Qc2 Nbd7 7. e3 c6 8.
Bd3 O-O 9. Nf3 h6 10. Bh4 Nh5 11. Bxe7 Qxe7 12. O-O Re8 13. Rab1 Ndf6 14. Ne5
Ng4 15. Nf3 Ngf6 16. b4 a6 17. a4 Ne4 18. Ne5 Nxc3 19. Qxc3 Be6 20. Rfc1 Nf6
21. Qc5 Ne4 22. Qxe7 Rxe7 23. b5 cxb5 24. axb5 a5 25. b6 Nd6 26. Rc5 Ree8 27.
Ra1 a4 28. Ra3 Rec8 29. Kf1 Ne4 30. Rxc8+ Rxc8 31. f3 Rc3 32. Rxa4 Rc1+ 33. Ke2
Nc3+ 34. Kd2 Nxa4 35. Kxc1 Nxb6 36. Kc2 f6 37. Ng6 Kf7 38. Nf4 g5 39. Nxe6 Kxe6
40. Kc3 Nc8 41. Kb4 Nd6 42. Kc5 f5 43. Bc2 b6+ 44. Kc6 h5 45. Bb1 g4 46. Ba2
Nc4 47. e4 fxe4 48. fxe4 Na5+ 49. Kxb6 Nc4+ 50. Kc6 Na5+ 51. Kb5 1-0

[Event "3rd Ceramica Corund Open"]
[Site "Corund ROU"]
[Date "2017.09.26"]
[Round "1.18"]
[White "Olariu, Luca-Stefan"]
[Black "Secheres, Adrian Simion"]
[Result "0-1"]
[WhiteElo "1993"]
[BlackElo "2332"]
[PlyCount "66"]
[EventDate "2017.09.26"]

1. d4 Nf6 2. c4 g6 3. Nc3 Bg7 4. e4 d6 5. Nf3 O-O 6. Be2 Nbd7 7. O-O e5 8. Be3
Ng4 9. Bg5 f6 10. Bh4 g5 11. Bg3 Nh6 12. d5 a5 13. Nd2 f5 14. exf5 Nxf5 15.
Nde4 h6 16. Bd3 b6 17. a3 Nc5 18. Nxc5 bxc5 19. Rb1 Qe7 20. Ne4 a4 21. Nc3 Bd7
22. Nb5 Be8 23. Bc2 Bg6 24. Qe2 Qf7 25. f3 Rae8 26. Rbe1 Nd4 27. Nxd4 exd4 28.
Qd2 Bf5 29. Bxa4 Rxe1 30. Rxe1 d3 31. Bd1 Qf6 32. b3 Qa1 33. Rf1 Bc3 0-1

[Event "27th Seacoast Trophy 2017"]
[Site "Eforie Nord ROU"]
[Date "2017.06.25"]
[Round "7.9"]
[White "Petre, Nad Titus"]
[Black "Olariu, Luca-Stefan"]
[Result "1-0"]
[WhiteElo "2334"]
[BlackElo "2059"]
[PlyCount "111"]
[EventDate "2017.06.19"]

1. c4 c5 2. Nc3 Nc6 3. Nf3 g6 4. e3 Bg7 5. d4 cxd4 6. exd4 d6 7. d5 Ne5 8. Nxe5
Bxe5 9. Bd3 Bg7 10. O-O Nf6 11. Bg5 O-O 12. Qd2 e5 13. dxe6 Bxe6 14. Rad1 Rc8
15. Qf4 Nh5 16. Qh4 Bf6 17. Bxf6 Qxf6 18. Qxf6 Nxf6 19. b3 a6 20. Na4 d5 21.
Nb6 Rcd8 22. c5 Nd7 23. Nxd7 Rxd7 24. b4 Rc7 25. a3 a5 26. Bb5 axb4 27. axb4
Bd7 28. Be2 Re8 29. Bf3 Bb5 30. Rfe1 Rxe1+ 31. Rxe1 d4 32. Re5 Rd7 33. Rd5 Rxd5
34. Bxd5 Ba4 35. Kf1 Bb5+ 36. Ke1 Ba6 37. b5 Bxb5 38. Bxb7 Bc4 39. c6 Bd5 40.
Ba8 Be6 41. Ke2 Kf8 42. Kd3 Ke7 43. f3 Kd6 44. Kxd4 h5 45. h4 Bb3 46. Ke4 Bd5+
47. Kf4 Bxc6 48. Bxc6 Kxc6 49. Ke5 Kd7 50. Kf6 Ke8 51. f4 Kf8 52. f5 gxf5 53.
Kxf5 Ke7 54. Kg5 f6+ 55. Kxh5 Kf7 56. Kh6 1-0

[Event "27th Seacoast Trophy 2017"]
[Site "Eforie Nord ROU"]
[Date "2017.06.21"]
[Round "3.7"]
[White "Bulmaga, Irina"]
[Black "Olariu, Luca-Stefan"]
[Result "1-0"]
[WhiteElo "2415"]
[BlackElo "2059"]
[PlyCount "65"]
[EventDate "2017.06.19"]

1. e4 c5 2. b3 Nc6 3. Bb2 d6 4. f4 e5 5. Nf3 exf4 6. Bb5 Bd7 7. O-O Nf6 8. Nc3
Ne5 9. Bxd7+ Qxd7 10. d4 Neg4 11. e5 Ne3 12. Qe2 Nxf1 13. exf6+ Ne3 14. dxc5
O-O-O 15. Nd1 g6 16. Nxe3 fxe3 17. Rd1 Qc7 18. c6 Qxc6 19. Qxe3 d5 20. Bd4 b6
21. Ne5 Qc7 22. Rd3 Bc5 23. Rc3 Kb7 24. b4 Rhe8 25. bxc5 bxc5 26. Rxc5 Qb6 27.
Rc3 Qb1+ 28. Kf2 Qxa2 29. Rb3+ Ka8 30. Ra3 Qxc2+ 31. Kg3 Rd7 32. Bxa7 Kb7 33.
Qb6+ 1-0

[Event "WSCC Open U15"]
[Site "?"]
[Date "2017.04.30"]
[Round "?"]
[White "Ali Mohamed Al Zeaabi"]
[Black "Olariu, Luca-Stefan"]
[Result "0-1"]
[WhiteElo "1315"]
[BlackElo "2022"]
[PlyCount "62"]
[EventDate "2017.??.??"]

1. d4 Nf6 2. Nf3 g6 3. Bf4 Bg7 4. e3 O-O 5. Be2 c5 6. c4 cxd4 7. exd4 d5 8. Nc3
Nc6 9. O-O Bg4 10. cxd5 Nxd5 11. Be3 Nxc3 12. bxc3 Rc8 13. Rc1 Qd6 14. Qd2 Rfd8
15. Rfd1 a6 16. Rb1 Na5 17. Rdc1 b5 18. h3 Be6 19. Bf4 Qa3 20. Qb2 Qxb2 21.
Rxb2 Bc4 22. Ne5 Bxe2 23. Rxe2 e6 24. Nd3 Bf8 25. Be5 Ba3 26. Rcc2 Rc4 27. Nc5
Bxc5 28. dxc5 Rxc5 29. Bd4 Rc6 30. Red2 Nc4 31. Rd1 e5 0-1

[Event "WSCC Open U15"]
[Site "?"]
[Date "2017.04.29"]
[Round "?"]
[White "Olariu, Luca-Stefan"]
[Black "Ashid, Tsetsegulzii"]
[Result "1/2-1/2"]
[WhiteElo "2022"]
[BlackElo "1814"]
[PlyCount "132"]
[EventDate "2017.??.??"]

1. d4 d5 2. c4 e6 3. Nc3 c6 4. Nf3 dxc4 5. a4 Bb4 6. e3 b5 7. Bd2 a5 8. axb5
Bxc3 9. Bxc3 cxb5 10. b3 Bb7 11. bxc4 b4 12. Bb2 Nf6 13. c5 O-O 14. Bb5 Qc7 15.
O-O Ng4 16. g3 Nf6 17. Nd2 Ne4 18. Nxe4 Bxe4 19. f3 Bc6 20. Ba4 Nd7 21. Bb3 Bb5
22. Rf2 Rfd8 23. Ba4 Qc6 24. Bxb5 Qxb5 25. Qa4 Qd3 26. e4 e5 27. Qc2 Qxc2 28.
Rxc2 exd4 29. Bxd4 Nf8 30. Be5 a4 31. Rc4 Nd7 32. Bd6 b3 33. Rcxa4 Rxa4 34.
Rxa4 Nxc5 35. Rb4 Na6 36. Rb6 b2 37. e5 Nc5 38. Rxb2 Ne6 39. f4 g6 40. Be7 Ra8
41. Kf2 h5 42. Ke3 Ng7 43. Bf6 Ne8 44. Be7 Ng7 45. Ke4 Ne6 46. Rb4 Ng7 47. Bf6
Nf5 48. Kf3 Ra3+ 49. Kg2 Ra8 50. Rb3 Rc8 51. Rd3 Rb8 52. h3 Rb2+ 53. Kf1 Rb8
54. g4 hxg4 55. hxg4 Ng7 56. f5 gxf5 57. gxf5 Nh5 58. Be7 Re8 59. f6 Ra8 60.
Rh3 Nf4 61. Rg3+ Kh8 62. Bb4 Rg8 63. Rf3 Rg4 64. Bd2 Ne6 65. Rb3 Kh7 66. Rb7
Kg6 1/2-1/2

[Event "WSCC Open U15"]
[Site "?"]
[Date "2017.04.28"]
[Round "?"]
[White "Isfan, Ioan-Marius"]
[Black "Olariu, Luca-Stefan"]
[Result "1-0"]
[WhiteElo "1967"]
[BlackElo "2022"]
[PlyCount "59"]
[EventDate "2017.??.??"]

1. d4 Nf6 2. Nf3 e6 3. g3 c5 4. Bg2 cxd4 5. Nxd4 d5 6. Bf4 Nc6 7. O-O Qb6 8.
Nxc6 bxc6 9. c4 Be7 10. cxd5 cxd5 11. Be5 O-O 12. Nc3 Nd7 13. Bd4 Qd8 14. Rc1
Bf6 15. Nb5 Bxd4 16. Nxd4 Bb7 17. Qd2 Qb6 18. e3 Rac8 19. Rfd1 Rfd8 20. Rxc8
Rxc8 21. Bf1 e5 22. Nf5 Qf6 23. Qb4 Nc5 24. Bh3 Kh8 25. Nd6 Qxd6 26. Bxc8 Bxc8
27. Rc1 g6 28. Qxc5 Qxc5 29. Rxc5 Be6 30. Ra5 1-0

[Event "WSCC Open U15"]
[Site "?"]
[Date "2017.04.26"]
[Round "?"]
[White "Cotruta, Alexandru-Mihai"]
[Black "Olariu, Luca-Stefan"]
[Result "0-1"]
[WhiteElo "1823"]
[BlackElo "2022"]
[PlyCount "58"]
[EventDate "2017.??.??"]

1. d4 Nf6 2. c4 c5 3. Nf3 cxd4 4. Nxd4 Nc6 5. Nc3 g6 6. e4 Nxd4 7. Qxd4 d6 8.
Be2 Bg7 9. Be3 Be6 10. Qd2 Rc8 11. b3 Nxe4 12. Nxe4 Bxa1 13. O-O Bg7 14. Ng5
Bd7 15. Qd5 O-O 16. Qxb7 Bc6 17. Qb4 a5 18. Qd2 d5 19. Nf3 dxc4 20. Qxd8 Rfxd8
21. Bb6 Rd6 22. Bxa5 c3 23. Rc1 Be4 24. Bb4 Rd7 25. Bc4 c2 26. Bd2 Bxf3 27.
Rxc2 Bd5 28. Kf1 Bxc4+ 29. bxc4 Rdc7 0-1

[Event "WSCC Open U15"]
[Site "?"]
[Date "2017.04.25"]
[Round "?"]
[White "Olariu, Luca-Stefan"]
[Black "Fainman, Tomer"]
[Result "1/2-1/2"]
[WhiteElo "2022"]
[BlackElo "1773"]
[PlyCount "108"]
[EventDate "2017.??.??"]

1. d4 d5 2. c4 c6 3. Nf3 Nf6 4. Nc3 e6 5. Qb3 Bd6 6. Bg5 Nbd7 7. e3 h6 8. Bh4
g5 9. Bg3 Bxg3 10. hxg3 Ne4 11. Nxe4 dxe4 12. Nd2 f5 13. d5 Nf6 14. dxc6 bxc6
15. O-O-O Qa5 16. Kb1 Kf7 17. Qc2 c5 18. Nb3 Qc7 19. Be2 Bd7 20. Qc3 Ba4 21.
Rd2 Kg6 22. Rhd1 Bxb3 23. Qxb3 Rad8 24. Qc3 Rxd2 25. Qxd2 Rh7 26. Qc3 Rd7 27.
Rxd7 Qxd7 28. Qa5 Qd6 29. Kc1 a6 30. a3 f4 31. gxf4 gxf4 32. exf4 Qxf4+ 33. Qd2
Qf5 34. b4 cxb4 35. axb4 Qe5 36. Kb1 Kh7 37. Qe3 Qd6 38. Qc3 Qf4 39. Qe3 Qd6
40. Qc3 Qf4 41. Qe1 Qd6 42. Kc2 Qd4 43. Qf1 Kg7 44. Bd1 Nd7 45. Qe2 Ne5 46. Kb3
Nd3 47. Qd2 e5 48. Qc3 Qxf2 49. Bc2 Qe3 50. Ka3 Qc1+ 51. Kb3 Qe3 52. Ka3 Qc1+
53. Kb3 Qe3 54. Ka3 Qc1+ 1/2-1/2

[Event "WSCC Open U15"]
[Site "?"]
[Date "2017.04.24"]
[Round "?"]
[White "Poncu, Andrei"]
[Black "Olariu, Luca-Stefan"]
[Result "0-1"]
[WhiteElo "1548"]
[BlackElo "2022"]
[PlyCount "98"]
[EventDate "2017.??.??"]

1. d4 Nf6 2. Bf4 g6 3. Nf3 Bg7 4. h3 O-O 5. Nbd2 d5 6. e3 c5 7. c3 cxd4 8. exd4
Nc6 9. Bd3 Nd7 10. Qe2 e5 11. dxe5 Ndxe5 12. Nxe5 Nxe5 13. O-O Nxd3 14. Qxd3
Bf5 15. Qb5 d4 16. c4 b6 17. Nf3 Rc8 18. Rad1 d3 19. Rfe1 Re8 20. Rxe8+ Qxe8
21. Qxe8+ Rxe8 22. b3 Re2 23. Bd2 Be4 24. Ng5 Bc6 25. h4 Bd4 26. Nh3 Bd7 27.
Bh6 Bf5 28. Kf1 Rxa2 29. Bd2 Rb2 30. Ng1 Rxb3 31. Nf3 Bf6 32. Be3 Bg4 33. Ke1
Bxf3 34. gxf3 a5 35. Kd2 a4 36. Kc1 Bc3 37. Rxd3 Bb2+ 38. Kc2 Rxd3 39. Kxd3 a3
40. Kc2 Bf6 41. Kb3 Bxh4 42. Bxb6 Kf8 43. Kxa3 Ke8 44. Kb4 Bd8 45. Be3 h5 46.
Kc5 Kd7 47. Kd5 h4 48. Bf4 Bc7 49. Ke4 h3 0-1

[Event "WSCC Open U15"]
[Site "?"]
[Date "2017.04.23"]
[Round "?"]
[White "Aminuddin, Muhd Faqih"]
[Black "Olariu, Luca-Stefan"]
[Result "0-1"]
[WhiteElo "1486"]
[BlackElo "2022"]
[PlyCount "130"]
[EventDate "2017.??.??"]

1. d4 Nf6 2. c4 c5 3. d5 e6 4. Nc3 d6 5. e4 g6 6. Nf3 Bg7 7. Bd3 O-O 8. h3 Na6
9. a3 Nc7 10. O-O Rb8 11. Bf4 exd5 12. cxd5 b5 13. b4 Nh5 14. Bd2 a5 15. Rb1
axb4 16. axb4 cxb4 17. Rxb4 Bd7 18. Qe2 Re8 19. Qd1 Na6 20. Rb1 Nc5 21. Bxb5
Bxb5 22. Rxb5 Rxb5 23. Nxb5 Nxe4 24. Be3 Qa5 25. Qd3 Qa6 26. Rd1 Nhf6 27. Ng5
Nxg5 28. Bxg5 Ne4 29. Bf4 Qa2 30. Be3 Qa6 31. Bd4 Bxd4 32. Nxd4 Qa2 33. Nc2 Nc5
34. Qd2 Rb8 35. Re1 Rb1 36. Rxb1 Qxb1+ 37. Kh2 Qb2 38. Qd1 Ne4 39. Kg1 Qf6 40.
Qe1 Nc3 41. Ne3 Qd4 42. Nc2 Qc5 43. Ne3 Nxd5 44. Nxd5 Qxd5 45. Qe8+ Kg7 46. Qe3
Qe6 47. Qc3+ Qf6 48. Qd3 Qa1+ 49. Kh2 Qe5+ 50. Kg1 d5 51. f4 Qe4 52. Qd2 d4 53.
Kf2 h5 54. Kg3 Kf6 55. Kf2 h4 56. g4 hxg3+ 57. Kxg3 Qd5 58. Qd3 Qc5 59. Kg4
Qf5+ 60. Qxf5+ gxf5+ 61. Kf3 Kg6 62. Ke2 Kh5 63. Kd3 Kh4 64. Kxd4 Kxh3 65. Kd5
Kg3 0-1

[Event "Campionatul National de sah al Romaniei"]
[Site "Baile Felix"]
[Date "2017.02.09"]
[Round "9.4"]
[White "Coca, Cristi-Iulian"]
[Black "Olariu, Luca-Stefan"]
[Result "0-1"]
[WhiteElo "2012"]
[BlackElo "2072"]
[PlyCount "54"]
[EventDate "2017.02.02"]
[EventRounds "9"]

1. e4 c5 2. c3 Nf6 3. e5 Nd5 4. d4 cxd4 5. Nf3 Nc6 6. Bc4 Nb6 7. Bb3 d5 8. exd6
dxc3 9. Ng5 e6 10. Ne4 f5 11. Nbxc3 fxe4 12. Nxe4 Nd5 13. Bg5 Qa5+ 14. Kf1 Ne5
15. Rc1 Qa6+ 16. Kg1 Qd3 17. Ba4+ Kf7 18. Qxd3 Nxd3 19. Rxc8 Rxc8 20. d7 Be7
21. dxc8=Q Rxc8 22. Bd2 Rc4 23. Nc3 Nxc3 24. Bb3 Ne2+ 25. Kf1 Re4 26. Bc1 Nexc1
27. f3 Re2 0-1

[Event "Campionatul National de sah al Romaniei"]
[Site "Baile Felix"]
[Date "2017.02.08"]
[Round "8.7"]
[White "Olariu, Luca-Stefan"]
[Black "Chivulescu, Adrian-Alexandru"]
[Result "1-0"]
[WhiteElo "2072"]
[BlackElo "1810"]
[PlyCount "68"]
[EventDate "2017.02.02"]
[EventRounds "9"]

1. d4 d5 2. c4 e6 3. Nc3 c5 4. cxd5 exd5 5. Nf3 Nc6 6. g3 Nf6 7. Bg2 Be7 8. O-O
O-O 9. Bf4 cxd4 10. Nxd4 Bg4 11. h3 Bd7 12. Nxc6 bxc6 13. Rc1 Bf5 14. Na4 Rc8
15. Be3 Qd7 16. Kh2 Rfd8 17. Bc5 Be4 18. Qd4 Bxg2 19. Kxg2 Ne4 20. Bxe7 Qxe7
21. b4 Ng5 22. h4 Ne6 23. Qd2 h6 24. Nc5 Re8 25. e3 Red8 26. Nxe6 fxe6 27. Rc5
Rb8 28. a3 Rb6 29. Rfc1 Rd6 30. Qc2 Qc7 31. Qc3 Kh8 32. Qd4 Qc8 33. Qe5 Kg8 34.
Rxc6 Rd8 1-0